| 000 | 00617nam a22002057a 4500 | ||
|---|---|---|---|
| 003 | DO-SdBNP | ||
| 005 | 20220504094528.0 | ||
| 008 | 110301s2021 dr a 000 0 spa d | ||
| 020 | _a9789945627657 | ||
| 040 |
_aDO-SdBNP _bspa _cBNPHU |
||
| 082 | 4 |
_axxxx _bS232a |
|
| 100 | 1 |
_aSantana, Freddy _953018 _d1942- |
|
| 245 | 1 | 0 |
_aAlas de la libertad / _cFreddy Santana |
| 260 |
_aSanto Domingo : _bSantuario, _c2021. |
||
| 300 |
_a394 p. : _bil. _c23 cm. |
||
| 500 | _aIncluye datos biográficos del autor en la solapa de la portada. | ||
| 590 | _aInventariado, 2022/ YL | ||
| 910 | _aYLockward | ||
| 942 |
_2ddc _cLBS1 |
||
| 999 |
_c51626 _d51626 |
||